Everyday politics of the world economy / (Record no. 45335)

MARC details
000 -LEADER
campo de control de longitud fija 03068cam a2200469Ma 4500
001 - NÚMERO DE CONTROL
campo de control 83036
005 - FECHA Y HORA DE LA ÚLTIMA TRANSACCIÓN
campo de control 20230410115640.0
008 - DATOS DE LONGITUD FIJA--INFORMACIÓN GENERAL
campo de control de longitud fija 070813s2007 enk b 001 0 eng d
010 ## - NÚMERO DE CONTROL DE LA BIBLIOTECA DEL CONGRESO
Número de control de LC 2008271023
035 ## - NÚMERO DE CONTROL DEL SISTEMA
Número de control de sistema (OCoLC)ocn271298947
040 ## - FUENTE DE CATALOGACIÓN
Centro catalogador/agencia de origen AU@
Centro/agencia transcriptor AU@
015 ## - NÚMERO DE BIBLIOGRAFÍA NACIONAL
Número de bibliografía nacional GBA763849
Fuente bnb
016 7# - NÚMERO DE CONTROL DE UNA AGENCIA BIBLIOGRÁFICA NACIONAL
Número de control del registro 013817868
Fuente Uk
020 ## - NÚMERO INTERNACIONAL ESTÁNDAR DEL LIBRO
Número Internacional Estándar del Libro 9780521877725 (hbk.)
020 ## - NÚMERO INTERNACIONAL ESTÁNDAR DEL LIBRO
Número Internacional Estándar del Libro 0521877725 (hbk.)
020 ## - NÚMERO INTERNACIONAL ESTÁNDAR DEL LIBRO
Número Internacional Estándar del Libro 9780521701631 (pbk.)
020 ## - NÚMERO INTERNACIONAL ESTÁNDAR DEL LIBRO
Número Internacional Estándar del Libro 0521701635 (pbk.)
029 0# - OTRO NÚMERO DE CONTROL DE SISTEMA (OCLC)
Identificador de la biblioteca OCLC AU@
Número de control de sistema 000042399410
035 ## - NÚMERO DE CONTROL DEL SISTEMA
Número de control de sistema (OCoLC)271298947
050 14 - SIGNATURA TOPOGRÁFICA DE LA BIBLIOTECA DEL CONGRESO
Número de clasificación HF1411
Número de ítem EV93 2007
082 04 - NÚMERO DE LA CLASIFICACIÓN DECIMAL DEWEY
Número de clasificación 337
Número de edición 22
245 00 - MENCIÓN DEL TÍTULO
Título Everyday politics of the world economy /
Mención de responsabilidad, etc. edited by John M. Hobson and Leonard Seabrooke.
260 ## - PUBLICACIÓN, DISTRIBUCIÓN, ETC.
Lugar de publicación, distribución, etc. Cambridge :
Nombre del editor, distribuidor, etc. Cambridge University Press,
Fecha de publicación, distribución, etc. 2007.
300 ## - DESCRIPCIÓN FÍSICA
Extensión x, 254 p. ;
Dimensiones 23 cm.
504 ## - NOTA DE BIBLIOGRAFÍA, ETC.
Nota de bibliografía, etc. Includes bibliographical references and index.
505 0# - NOTA DE CONTENIDO CON FORMATO
Nota de contenido con formato Everyday IPE: revealing everyday forms of change in the world economy / John M. Hobson, Leonard Seabrooke -- The agency of labour in global change: remaining the spaces and scales of trade union praxis within a global economy / Andrew Herod -- The agency of peripheral actors: small state tax havens and international regimes as weapons of the weak / J. C. Sharman -- Southern sites of female agency: informal regimes and female migrant labour resistance in East and Southeast Asia / Michele Ford, Nicola Piper -- The everyday social sources of imperial and hegemonic financial orders / Leonard Seabrooke -- Everyday investor subjects and global financial change: the rise of Anglo-American mass investment / Paul Langley -- Peasants as subaltern agents in Latin America: neoliberalism, resistance and the power of the powerless / Adam David Morton -- Eastern agents of globalisation: oriental globalization in the rise of Western capitalism / John M. Hobson -- Diasporic agents and trans-Asian flows in the making of Asian modernity: the case of Thailand / Ara Wilson -- The agency of subordinate politics: Western hegemony in the East Asian mirror / Shogo Suzuki -- Conclusion: Everyday IPE puzzle sets, teaching and policy agendas / John M. Hobson, Leonard Seabrooke.
506 ## - NOTA DE RESTRICCIONES AL ACCESO
Limitaciones de acceso Electronic version is restricted to subscribing institutions.
530 ## - NOTA DISPONIBLE DE FORMULARIO FÍSICO ADICIONAL
Nota de formato físico adicional disponible Electronic version is available via MyiLibrary.
538 ## - NOTA DE DETALLES DEL SISTEMA
Nota de detalles del sistema Mode of access: Internet via World Wide Web.
650 #0 - PUNTO DE ACCESO ADICIONAL DE MATERIA--TÉRMINO DE MATERIA
Término de materia o nombre geográfico como elemento de entrada International economic relations.
650 #0 - PUNTO DE ACCESO ADICIONAL DE MATERIA--TÉRMINO DE MATERIA
Término de materia o nombre geográfico como elemento de entrada International economic relations
Subdivisión general Sociological aspects.
700 1# - ENTRADA AGREGADA--NOMBRE PERSONAL
Nombre de persona Hobson, John M.
700 1# - ENTRADA AGREGADA--NOMBRE PERSONAL
Nombre de persona Seabrooke, Leonard,
Fechas asociadas al nombre 1974-
830 #0 - PUNTO DE ACCESO ADICIONAL DE SERIE-TÍTULO UNIFORME
Título uniforme MyiLibrary.
856 40 - LOCALIZACIÓN Y ACCESO ELECTRÓNICOS
Identificador Uniforme de Recursos <a href="http://ezproxy.uws.edu.au/login?url=http://www.myilibrary.com/Browse/open.asp?ID=124356">http://ezproxy.uws.edu.au/login?url=http://www.myilibrary.com/Browse/open.asp?ID=124356</a>
Nota pública MyiLibrary
856 42 - LOCALIZACIÓN Y ACCESO ELECTRÓNICOS
Materiales especificados Publisher description
Identificador Uniforme de Recursos <a href="http://www.loc.gov/catdir/enhancements/fy0808/2008271023-d.html">http://www.loc.gov/catdir/enhancements/fy0808/2008271023-d.html</a>
856 41 - LOCALIZACIÓN Y ACCESO ELECTRÓNICOS
Materiales especificados Table of contents only
Identificador Uniforme de Recursos <a href="http://www.loc.gov/catdir/enhancements/fy0808/2008271023-t.html">http://www.loc.gov/catdir/enhancements/fy0808/2008271023-t.html</a>
856 42 - LOCALIZACIÓN Y ACCESO ELECTRÓNICOS
Materiales especificados Contributor biographical information
Identificador Uniforme de Recursos <a href="http://www.loc.gov/catdir/enhancements/fy0808/2008271023-b.html">http://www.loc.gov/catdir/enhancements/fy0808/2008271023-b.html</a>
942 ## - ELEMENTOS DE ENTRADA SECUNDARIOS (KOHA)
Fuente del sistema de clasificación o colocación Clasificación de Library of Congress
Tipo de ítem Koha
994 ## -
-- C0
-- DRFGD
946 ## - PROCESAMIENTO DE INFORMACIÓN LOCAL (OCLC)
a AAG
Holdings
Estatus retirado Estado de pérdida Fuente del sistema de clasificación o colocación Estado de daño No para préstamo Colección Biblioteca de origen Biblioteca actual Ubicación en estantería Fecha de adquisición Serial enumeration / chronology Signatura topográfica completa Código de barras Visto por última vez Copia número Tipo de ítem Koha
    Clasificación de Library of Congress     Ciencias Sociales Biblioteca Juan Bosch Biblioteca Juan Bosch Ciencias Sociales (3er. Piso) 10/04/2023 3 HF1411 EV93 2007 00000074358 24/10/2018 1